000 00868nam a22002417a 4500
003 UA-OsUOA
001 48193
007 ta
008 20121223b un ||||| |||| 00| 0 ukr d
100 _aСальський В.
090 _a09.-94(477).06
_bС16
942 _cBK
040 _aUA-OsUOA
_bukr
_cUA-OsUOA
_dUA-OsUOA
245 _aУкраїнсько-московська війна 1920 року в документах
_bЧ. І.
_cОперативні документи штабу армії Української Народньої республіки
300 _a401 с.
955 _a1
041 _aukr
080 _a09.-94(477).06
260 _aВаршава
_c1933
650 7 _a0 Загальний відділ.
_2UDC
999 _c428301
_d428301